01779nam a2200313 a 4500001001200000003000800012006001900020007001500039008004100054010001700095020002900112020002700141040002100168035002100189050002900210082001500239245008500254260006100339300002400400504005100424520060300475533015201078650002401230650002001254655002901274700001901303710001701322856012601339ebr10713566CaPaEBRm o u cr cn|||||||||130426s2013 njuad sb 001 0 eng d z 2013007092 z9781118344552 (hardback) z9781118729069 (e-book) aCaPaEBRcCaPaEBR a(OCoLC)84991716614aTP248.25.N35bE53 2013eb04a620/.522300aEncapsulation nanotechnologiesh[electronic resource] /cedited by Vikas Mittal. aHoboken, N.J. :bill. :bJohn Wiley & Sons, Inc.,c2013. axxi, 432 p. :bill. aIncludes bibliographical references and index. a"The process of encapsulation by which living creatures are engulfed in a protective shell is both well understood and widely used in industry. This work highlights the growing interest and use of nanotechnologies for the generation of nano-capsules or nano-containers with desirable properties and behaviors. It introduces readers to many significant processes and technologies that have been developed and applied successfully to generate encapsulated materials, addressing the high potential of these technologies and products in a large number of commercial processes"--cProvided by publisher. aElectronic reproduction.bPalo Alto, Calif. :cebrary,d2013.nAvailable via World Wide Web.nAccess may be limited to ebrary affiliated libraries. 0aMicroencapsulation. 0aNanotechnology. 7aElectronic books.2local1 aMittal, Vikas.2 aebrary, Inc.40uhttp://site.ebrary.com/lib/rucke/Doc?id=10713566zAn electronic book accessible through the World Wide Web; click to view